| 000 | 00642nam a2200181 i 4500 | ||
|---|---|---|---|
| 001 | 96742 | ||
| 003 | ES-MaACL | ||
| 005 | 20250829063118.0 | ||
| 007 | t| | ||
| 008 | 050630q1956 zzz ||||1| spa d | ||
| 100 | 1 |
_aManero Amorós, Francisco _975986 |
|
| 245 | 1 | 0 |
_aQué es un reactor nuclear _b: materiales que intervienen en su composición / _cconferencia pronunciada por D. Francisco Manero Amorós. |
| 260 |
_a[s.l.] : _bHidroeléctrica Moncabril, _c[1956?] |
||
| 300 |
_a8 p. ; _c28 cm. |
||
| 500 | _aPrecede al tít.: Seminario de Energía Nuclear. | ||
| 852 |
_aES-MaACL _j1976-F-25 _bR.40284 |
||
| 999 |
_c96742 _d96742 |
||